[Event "CAN-ch U10"]
[Site "Windsor"]
[Date "2016.07.08"]
[Round "6.87"]
[White "Balachandran, Kousihan"]
[Black "De Costa, Benajmin"]
[Result "0-1"]
[WhiteElo "1525"]
[BlackElo "1394"]
[PlyCount "154"]
[EventDate "2016.07.05"]
[EventType "swiss"]
[EventRounds "7"]
[EventCountry "CAN"]
[SourceTitle "EXT 2022"]
[Source "ChessBase"]
[SourceDate "2021.10.06"]
[SourceVersion "1"]
[SourceVersionDate "2021.10.06"]
[SourceQuality "1"]

1. e4 c5 2. c3 d5 3. exd5 Qxd5 4. d4 Nc6 5. Nf3 Bg4 6. Be2 Nf6 7. h3 Bh5 8. Be3 e6 9. c4 Qd8 10. dxc5 Qc7 11. 0-0 Rd8 12. Qc2 Be7 13. Nc3 0-0 14. Rad1 Nb4 15. Qb3 Bxc5 16. Bxc5 Qxc5 17. Rxd8 Rxd8 18. a3 Nc6 19. Rd1 Rxd1+ 20. Bxd1 Qe7 21. Be2 b6 22. Qb5 Bxf3 23. Bxf3 Nd4 24. Qe5 Nxf3+ 25. gxf3 Nd7 26. Qc7 Qg5+ 27. Kh2 Qe5+ 28. Qxe5 Nxe5 29. Kg3 Nxc4 30. Nd1 Kf8 31. Kf4 Ke7 32. Ke4 Kd6 33. Kd4 Ne5 34. f4 Ng6 35. Ke4 e5 36. fxe5+ Nxe5 37. b3 g6 38. f4 f5+ 39. Ke3 Nc6 40. b4 Kd5 41. Kd3 h6 42. h4 a5 43. Nc3+ Kd6 44. Kc4 axb4 45. axb4 Na7 46. Nb5+ Nxb5 47. Kxb5 Kc7 48. Ka6 Kc6 49. b5+ Kc5 50. Kb7 Kxb5 51. Kc7 Kc5 52. Kd7 Kd5 53. Ke7 Ke4 54. Kf6 Kxf4 55. Kxg6 b5 56. Kxh6 b4 57. Kg6 b3 58. h5 b2 59. h6 b1Q 60. h7 Qb6+ 61. Kg7 Qc7+ 62. Kg6 Qd6+ 63. Kg7 Qe7+ 64. Kg6 Qxh7+ 65. Kxh7 Kg3 66. Kg6 f4 67. Kg5 f3 68. Kf5 f2 69. Ke4 f1Q 70. Kd5 Qd3+ 71. Ke5 Kf3 72. Ke6 Kf4 73. Kf6 Qd6+ 74. Kf7 Kg5 75. Kg7 Qe7+ 76. Kh8 Kg6 77. Kg8 Qg7# 0-1

[Event "CAN-ch U10"]
[Site "Windsor"]
[Date "2015.07.08"]
[Round "5.95"]
[White "De Costa, Benajmin"]
[Black "Huang, Patrick"]
[Result "0-1"]
[WhiteElo "1216"]
[BlackElo "1629"]
[PlyCount "102"]
[EventDate "2015.07.06"]
[EventType "swiss"]
[EventRounds "7"]
[EventCountry "CAN"]
[SourceTitle "EXT 2022"]
[Source "ChessBase"]
[SourceDate "2021.10.06"]
[SourceVersion "1"]
[SourceVersionDate "2021.10.06"]
[SourceQuality "1"]

1. e4 c5 2. Nc3 d6 3. g3 Nf6 4. d3 Nc6 5. Bg2 a6 6. h3 e6 7. Be3 Be7 8. f4 Qc7 9. Nf3 b5 10. 0-0 Bb7 11. Qd2 0-0-0 12. a4 b4 13. Ne2 Nd7 14. c3 a5 15. d4 d5 16. e5 c4 17. g4 b3 18. Ng3 g6 19. Rab1 Nb6 20. Ra1 Na7 21. f5 gxf5 22. gxf5 Rdg8 23. Qf2 Qd7 24. f6 Bd8 25. Ra3 Bc6 26. Rfa1 Bxa4 27. Bf4 Bc7 28. Rc1 Na8 29. Bh6 Re8 30. Bg7 Rhg8 31. Nh2 Bb5 32. Ng4 Rd8 33. Nh6 Rge8 34. h4 Nc6 35. Nf1 a4 36. Nd2 Nxe5 37. dxe5 Bb6 38. Qxb6 Nxb6 39. Nf3 Qc7 40. Ng5 Qxe5 41. Ngxf7 Qe3+ 42. Kh2 Qxc1 43. Nxd8 Qxb2 44. Rxb3 axb3 45. Ndf7 Qa3 46. Ng5 b2 47. f7 b1Q 48. fxe8Q+ Bxe8 49. Nxe6 Qac1 50. Bd4 Bd7 51. Ng5 Qf4# 0-1

[Event "CAN-ch U10"]
[Site "Windsor"]
[Date "2015.07.06"]
[Round "1.91"]
[White "De Costa, Benajmin"]
[Black "Issani, Nameer"]
[Result "1-0"]
[WhiteElo "1216"]
[BlackElo "1983"]
[PlyCount "101"]
[EventDate "2015.07.06"]
[EventType "swiss"]
[EventRounds "7"]
[EventCountry "CAN"]
[SourceTitle "EXT 2022"]
[Source "ChessBase"]
[SourceDate "2021.10.06"]
[SourceVersion "1"]
[SourceVersionDate "2021.10.06"]
[SourceQuality "1"]

1. e4 e5 2. Nf3 Nc6 3. Bb5 a6 4. Ba4 Nf6 5. d3 b5 6. Bb3 Be7 7. 0-0 d6 8. c3 0-0 9. Re1 Bg4 10. h3 Bh5 11. Nbd2 Na5 12. Bc2 c5 13. Nf1 Rc8 14. Ng3 Bg6 15. Nh4 Qc7 16. Nhf5 Rfe8 17. Nxe7+ Qxe7 18. Bg5 h6 19. Bh4 Bh7 20. Nh5 g5 21. Nxf6+ Qxf6 22. Bg3 Nc6 23. Re3 Ne7 24. Qf3 Qe6 25. Bb3 c4 26. dxc4 bxc4 27. Ba4 Rf8 28. Ree1 f5 29. exf5 Nxf5 30. Qg4 Qg6 31. Bc2 h5 32. Qe4 Qe6 33. Bh2 Rc7 34. Qe2 Bg6 35. Qd2 Qf6 36. Rad1 Rcf7 37. Rf1 Rd7 38. Qd5+ Bf7 39. Qf3 Bg6 40. Qd5+ Kg7 41. Qxc4 Rh8 42. Rfe1 g4 43. Bxe5 dxe5 44. Rxd7+ Kh6 45. hxg4 Qh4 46. Bxf5 Bxf5 47. Qc6+ Bg6 48. gxh5 Qxh5 49. Qf6 Rg8 50. Rxe5 Qg4 51. Rd4 1-0